Aladdin menjadi menantu raja

Bibliographic Details
Main Author: Md.Israry
Format: Book
Published: Melaka : Assiated Educational Distributors(M) Sdn Bhd , 1997
Series:Siri cerita klasik aladdin
Subjects:

MARC

LEADER 00000cam a2200000 7i4500
001 0000049937
005 20151222.0
008 150706
020 |a 9679485048 (set) 
020 |a 9679485102 
090 0 0 |a CT   |b MAL 
100 0 |a Md.Israry 
245 1 0 |a Aladdin menjadi menantu raja   |c Md.Israry 
260 |a Melaka :   |b Assiated Educational Distributors(M) Sdn Bhd ,   |c 1997 
300 |a 30pg. :   |b Col.ill 
490 1 |a Siri cerita klasik aladdin 
500 |a Children ages 7-9 years old (orange) 
650 0 |a Malay fiction   |x classic tales 
999 |a 0000797897   |b Book   |c Brochure/Pamphlet/Poster   |e Cawangan Segamat 
999 |a 0000799107   |b Book   |c Children Collection   |e Cawangan Pontian 
999 |a 0000817289   |b Book   |c Children Collection   |e Cawangan Bandar Penawar 
999 |a 0000921531   |b Book   |c Children Collection   |e Cawangan Bukit Gambir 
999 |a 0000921532   |b Book   |c Children Collection   |e Cawangan Bukit Gambir 
999 |a 0000921533   |b Book   |c Children Collection   |e Cawangan Bukit Gambir 
999 |a 0000932138   |b Book   |c Children Collection   |e Cawangan Tangkak 
999 |a 0000932139   |b Book   |c Children Collection   |e Cawangan Tangkak